000 00974nam a2200205 i 4500
001 164948
003 ES-MaACL
005 20250928121400.0
008 990528s1898 fr ad |||| | fre d
040 _aCYL
_bspa
_cCYL
100 1 _aSchnabel, Carl.
_9104539
245 1 0 _aTraité théorique et pratique de métallurgie
_b: zinc, cadmium, mercure, bismuth, étain, antimoine, arsenic, nickel, cobalt, platine, aluminium /
_cpar C. Schnabel; traduit de l'allemand par le Dr. L. Gautier, [avec] 373 figures dans le texte.
260 _aParis :
_bLibrairie Polytechnique Baudry et Cie.,
_c1898 (
_eBar-le-Duc :
_fImprimerie Comte-Jacquet)
300 _a654 p. :
_bil. ;
_c25 cm.
500 _aDe la p. 649-654: catálogo de libros de metalurgia y química publicados por Baudry et Cie.
650 7 _aMetalurgia
_2embne
_9136491
700 1 _aGautier, Léopold-Alexandre,
_d1838-19..
_956052
852 _aES-MaACL
_jD-53
_z-- Enc. tela
999 _c164948
_d164948